| 000 | 00549nam a22001457a 4500 | ||
|---|---|---|---|
| 008 | 150408b xxu||||| |||| 00| 0 eng d | ||
| 020 | _a9789966083142 | ||
| 050 | _aHN 49 .C6M84 2008 | ||
| 100 |
_aMulwa, Francis .W _d2008 |
||
| 245 |
_aPartricipatory Monitoring and Evaluation of Community Projects _cFrancis W. Mulwa |
||
| 260 |
_aKenya _bPaulines _c2008 |
||
| 300 |
_a296p _bBibliography |
||
| 440 | _aPartricipatory Monitoring and Evaluation of Community Projects | ||
| 942 |
_2lcc _cBOOKS _hHN 49 .C6M84 2008 _kHN _m 49 .C6M84 2008 _08 |
||
| 999 |
_c292 _d292 |
||